RAYE - THIS MUSIC MAY CONTAIN HOPE. - Statistics

General Stats
  • This quiz has been taken 9 times
  • The average score is 11 of 17
Answer Stats
2026 THIS MUSIC MAY CONTAIN HOPE. % Correct
15 Joy. (feat. Amma & Absolutely)
100%
13 WHERE IS MY HUSBAND!
100%
6 Click Clack Symphony. (feat. Hans Zimmer)
80%
14 Fields. (feat. Grandad Michael)
80%
17 Fin.
80%
2 I Will Overcome.
80%
8 Life Boat.
80%
4 The WhatsApp Shakespeare.
80%
3 Beware.. The South London Lover Boy.
60%
10 Goodbye Henry. (feat. Al Green)
60%
9 I Hate The Way I Look Today.
60%
7 I Know You're Hurting.
60%
11 Nightingale Lane.
40%
12 Skin & Bones.
40%
5 Winter Woman.
40%
16 Happier Times Ahead.
20%
1 Intro: Girl Under The Grey Cloud.
0%
No matching quizzes found
Score Distribution
Percent of People with Each Score
Percentile by Number Answered
Your Score History
You have not taken this quiz